| 000 | 01241nam a2200325 a 4500 | ||
|---|---|---|---|
| 001 | 000025568 | ||
| 003 | DO-SdBNP | ||
| 005 | 20250703120456.0 | ||
| 008 | 110216s1967 sp r 000 | spa d | ||
| 040 |
_aDO-SdBNP _bspa _cBNPHU |
||
| 041 | 1 | 7 |
_aspa _heng |
| 082 |
_a370.1 _bR313p |
||
| 100 | 1 |
_aRedden, John D. , _952251 |
|
| 240 | 1 | 0 |
_aA catholic philosophy of education. _lEspañol |
| 245 | 1 | 0 |
_aPedagogía general y filosofía de la educación / _cJohn D. Redden, Francis A. Ryan; versión española, Alfonso Álvarez Villar; prólogo, Ángeles Galino Carrillo. |
| 260 |
_aMadrid, (España) : _bEdiciones Morata, _c1967. |
||
| 300 |
_aXII, 519 p. ; _c22 cm. |
||
| 490 | 1 | _aFilosofía. Psicología. Pedagogía. | |
| 500 | _aTítulo de la cubierta: filosofía católica de la educación | ||
| 534 |
_aTítulo original : _tA catholic philosophy of education |
||
| 650 | 0 |
_aEducación _xFilosofía _93186 |
|
| 650 | 0 |
_aPedagogía _9693 |
|
| 650 | 0 |
_aEducación _951588 |
|
| 650 | 4 |
_aMetodos de enseñanza _92196 |
|
| 650 | 0 |
_aEducación y estado _951256 |
|
| 700 | 1 |
_aRyan, Francis A., _952252 |
|
| 700 | 1 |
_aGalino Carrillo, Ángeles, _epról. _952253 |
|
| 830 | 0 |
_aFilosofía. Psicología. Pedagogía. _952254 |
|
| 942 |
_2ddc _cLBS1 |
||
| 999 |
_c25060 _d25060 |
||